000 00940nam a22003017a 4500
001 000561
003 DO-SdBNP
005 20180131113123.0
007 000561
008 161018b 1987 sp ||||| |||| 00| 0 spa d
020 _a8420436895
040 _aBPMSU
_bspa
_cBPMSU
041 1 7 _aspa
_heng
082 _axxxxx
_bxxxxx
100 1 _aNöstlinger, Christine,
_d1936-
240 1 0 _aLuki-live.
_lEspañol
245 1 0 _aMi amigo Luki-live /
_cChristine Nöstlinger ; traducción de Antonio de Zubiaurre.
250 _a3ª ed.
260 _aMadrid :
_bAlfaguara,
_c1987.
300 _a201 p. ;
_c22 cm.
490 1 _aJuvenil Alfaguara
_v202
500 _aIncluye datos biográficos del autor en la solapa de la contracubierta.
700 1 2 _aZubiaurre, Antonio de,
_etr.
830 0 _aJuvenil Alfaguara ;
_v202
942 _2ddc
_cBK
945 _aInventariado, 2018 / BT
956 _2LOPEREZ
_310
_620161018
_8BPMSU
_a00041
999 _c11587
_d11587